| 000 | 00923nam a2200265 i 4500 | ||
|---|---|---|---|
| 001 | bg | ||
| 100 | 1 | _aKOZIARSKI, Stanisław Marian | |
| 245 | 1 | 0 |
_aRozwój przestrzenny sieci autostrad na świecie / _cStanisław M. Koziarski. |
| 260 |
_aOpole : _bWydaw. UO, _c2005. |
||
| 300 |
_a312 s., 52 s. tabl. kolor. : _bmapy, rys. ; _c24 cm. |
||
| 490 | 1 |
_aStudia i Monografie / Uniwersytet Opolski, _x1233-6408 ; _vnr 341 |
|
| 500 | _aStreszcz. ang. | ||
| 504 | _aBibliogr. s. 289-294. | ||
| 650 | 9 |
_aAutostrady _xplanowanie przestrzenne |
|
| 830 | 0 |
_aStudia i Monografie (Uniwersytet Opolski) ; _vnr 341 |
|
| 015 | _aPB 4069/2005 | ||
| 020 | _a8373950931 | ||
| 040 | _cBPK | ||
| 041 | 0 |
_apol _beng |
|
| 080 | _a625.711:711.7 | ||
| 920 | _a83-7395-093-1 | ||
| 942 | _cKS | ||
| 008 | s pl f |000 0 pol | ||
| 999 |
_c45978 _d45978 |
||
| 856 |
_uhttp://koha.tu.koszalin.pl/cgi-bin/koha/opac-detail.pl?biblionumber=45978 _yKatalog online BPK |
||